000 00364nam a22001457a 4500
999 _c2055
_d2055
008 200212b ||||| |||| 00| 0 eng d
082 0 0 _a623.824
_bH1992
100 _91653
_aHambleton, F. C.
245 1 0 _aFamous padle steamers
_cby F C Hambleton
260 _aLondon
_bPercival
_c1948
300 _a97p.
365 _d6.08
650 0 _aPaddle Steamers
942 _cBK